书目信息 |
| 题名: |
画外音
|
|
| 作者: | 郑君里 著 | |
| 分册: | ||
| 出版信息: | 北京 中国电影出版社 1979 |
|
| 页数: | 226页 | |
| 开本: | 20cm | |
| 丛书名: | ||
| 单 册: | ||
| 中图分类: | J911 | |
| 科图分类: | ||
| 主题词: | 电影导演--经验--中国 | |
| 电子资源: | ||
| ISBN: | ||
| 000 | 00556nam0 2200217 45 | |
| 001 | 0179002812 | |
| 005 | 20060912163400.62 | |
| 010 | @dCNY1.00 | |
| 091 | @aCN@b8061.1298 | |
| 100 | @a19950801d1979 em y0chiy0121 ea | |
| 101 | 0 | @achi |
| 102 | @aCN@b110000 | |
| 105 | @af z 000yy | |
| 200 | 10 | @a画外音@Ahua wai yin@f郑君里著 |
| 210 | @a北京@c中国电影出版社@d1979 | |
| 215 | @a226页@c照片@d20cm | |
| 606 | @a电影导演@x经验@y中国 | |
| 690 | @aJ911@v3 | |
| 701 | 0 | @a郑君里@Azheng jun li@4著 |
| 801 | 0 | @aCN@bTSSF@c20060912 |
| 905 | @a10447@dJ911@e147 | |
| 画外音/郑君里著.-北京:中国电影出版社,1979 |
| 226页:照片;20cm |
| ISBN :CNY1.00 |
| ● |
| 相关链接 |
|
|
|
|
正题名:画外音
索取号:J911/147
 
预约/预借
| 序号 | 登录号 | 条形码 | 馆藏地/架位号 | 状态 | 备注 |
| 1 | 0475020 | 204750206 | 密集书库/ [索取号:J911/147] | 在馆 |